[Event "XXVII MISTRZOSTWA WOJEWÓDZTWA PODLASKIEGO JUNIOREK DO LAT 12 - D12"]
[Site "Białystok, Poland"]
[Date "2025.05.30"]
[Round "1.1"]
[White "Kolosza, Luiza"]
[Black "Szewczyk, Maja"]
[Result "1/2-1/2"]
[WhiteElo "1472"]
[BlackElo "1432"]

1. d4 {[%clk 00:30:57]} {[%emt 00:00:02]} Nf6 {[%clk 00:30:56]} {[%emt
00:00:05]} 2. Nf3 {[%clk 00:30:48]} {[%emt 00:00:38]} g6 {[%clk 00:31:15]}
{[%emt 00:00:11]} 3. c4 {[%clk 00:30:53]} {[%emt 00:00:24]} d5 {[%clk
00:31:26]} {[%emt 00:00:20]} 4. Bg5 {[%clk 00:30:31]} {[%emt 00:00:50]} Ne4
{[%clk 00:31:25]} {[%emt 00:00:33]} 5. Nc3 {[%clk 00:29:34]} {[%emt 00:01:26]}
Nxc3 {[%clk 00:31:10]} {[%emt 00:00:46]} 6. bxc3 {[%clk 00:29:51]} {[%emt
00:00:12]} Bg7 {[%clk 00:31:24]} {[%emt 00:00:17]} 7. e3 {[%clk 00:30:06]}
{[%emt 00:00:14]} c5 {[%clk 00:31:36]} {[%emt 00:00:19]} 8. Bd3 {[%clk
00:28:51]} {[%emt 00:01:45]} O-O {[%clk 00:30:53]} {[%emt 00:01:13]} 9. O-O
{[%clk 00:29:09]} {[%emt 00:00:12]} b6 {[%clk 00:29:41]} {[%emt 00:01:43]} 10.
cxd5 {[%clk 00:28:20]} {[%emt 00:01:18]} Qxd5 {[%clk 00:28:35]} {[%emt
00:01:36]} 11. Bxe7 {[%clk 00:27:07]} {[%emt 00:01:42]} Re8 {[%clk 00:28:36]}
{[%emt 00:00:31]} 12. Bh4 {[%clk 00:27:10]} {[%emt 00:00:22]} Bg4 {[%clk
00:27:54]} {[%emt 00:01:17]} 13. Be2 {[%clk 00:27:11]} {[%emt 00:00:28]} Nc6
{[%clk 00:27:04]} {[%emt 00:01:22]} 14. h3 {[%clk 00:27:14]} {[%emt 00:00:23]}
Bd7 {[%clk 00:26:36]} {[%emt 00:01:00]} 15. Qd2 {[%clk 00:24:26]} {[%emt
00:03:16]} Kh8 {[%clk 00:22:56]} {[%emt 00:04:13]} 16. Rfd1 {[%clk 00:20:07]}
{[%emt 00:04:49]} Rab8 {[%clk 00:20:53]} {[%emt 00:02:34]} 17. dxc5 {[%clk
00:18:09]} {[%emt 00:02:27]} Qxd2 {[%clk 00:21:01]} {[%emt 00:00:22]} 18. Rxd2
{[%clk 00:18:12]} {[%emt 00:00:26]} Bxc3 {[%clk 00:21:00]} {[%emt 00:00:32]} 19.
Rxd7 {[%clk 00:18:01]} {[%emt 00:00:39]} Bxa1 {[%clk 00:19:57]} {[%emt
00:01:35]} 20. Rxf7 {[%clk 00:17:08]} {[%emt 00:01:22]} bxc5 {[%clk 00:20:05]}
{[%emt 00:00:24]} 21. Ng5 {[%clk 00:15:56]} {[%emt 00:01:39]} Rb1+ {[%clk
00:19:58]} {[%emt 00:00:38]} 22. Kh2 {[%clk 00:15:35]} {[%emt 00:00:49]} h6
{[%clk 00:20:03]} {[%emt 00:00:28]} 23. Nf3 {[%clk 00:11:13]} {[%emt 00:04:49]}
g5 {[%clk 00:20:00]} {[%emt 00:00:37]} 24. Bg3 {[%clk 00:08:54]} {[%emt
00:02:47]} Rb2 {[%clk 00:19:04]} {[%emt 00:01:28]} 25. Bc4 {[%clk 00:07:54]}
{[%emt 00:01:25]} Rb4 {[%clk 00:17:43]} {[%emt 00:01:55]} 26. Bd5 {[%clk
00:07:25]} {[%emt 00:00:56]} Ne5 {[%clk 00:14:49]} {[%emt 00:03:28]} 27. Nxe5
{[%clk 00:05:43]} {[%emt 00:02:11]} Bxe5 {[%clk 00:15:12]} {[%emt 00:00:08]} 28.
Bxe5+ {[%clk 00:05:44]} {[%emt 00:00:28]} Rxe5 {[%clk 00:15:32]} {[%emt
00:00:11]} 29. Bf3 {[%clk 00:05:28]} {[%emt 00:00:40]} Ra4 {[%clk 00:15:43]}
{[%emt 00:00:26]} 30. Be2 {[%clk 00:05:11]} {[%emt 00:00:44]} Rxa2 {[%clk
00:15:44]} {[%emt 00:00:32]} 31. Bd3 {[%clk 00:05:10]} {[%emt 00:00:28]} Kg8
{[%clk 00:15:05]} {[%emt 00:01:11]} 32. Bc4 {[%clk 00:05:19]} {[%emt 00:00:19]}
Rc2 {[%clk 00:13:34]} {[%emt 00:02:04]} 33. Re7+ {[%clk 00:05:02]} {[%emt
00:00:44]} Kh8 {[%clk 00:13:31]} {[%emt 00:00:36]} 34. Rxe5 {[%clk 00:05:08]}
{[%emt 00:00:23]} Rxc4 {[%clk 00:13:52]} {[%emt 00:00:10]} 1/2-1/2

[Event "XXVII MISTRZOSTWA WOJEWÓDZTWA PODLASKIEGO JUNIOREK DO LAT 12 - D12"]
[Site "Białystok, Poland"]
[Date "2025.05.30"]
[Round "1.3"]
[White "Dabrowska, Eliza"]
[Black "Racis, Sara"]
[Result "0-1"]
[WhiteElo "1527"]
[BlackElo "1433"]

1. d4 {[%clk 00:30:59]} {[%emt 00:00:01]} d5 {[%clk 00:30:53]} {[%emt
00:00:07]} 2. c4 {[%clk 00:31:25]} {[%emt 00:00:04]} dxc4 {[%clk 00:31:15]}
{[%emt 00:00:08]} 3. e3 {[%clk 00:31:39]} {[%emt 00:00:15]} Nf6 {[%clk
00:31:25]} {[%emt 00:00:19]} 4. Bxc4 {[%clk 00:31:34]} {[%emt 00:00:35]} Nc6
{[%clk 00:31:13]} {[%emt 00:00:42]} 5. Nf3 {[%clk 00:31:43]} {[%emt 00:00:21]}
e6 {[%clk 00:30:42]} {[%emt 00:01:02]} 6. O-O {[%clk 00:31:45]} {[%emt
00:00:27]} Bb4 {[%clk 00:29:41]} {[%emt 00:01:32]} 7. a3 {[%clk 00:31:40]}
{[%emt 00:00:35]} Bd6 {[%clk 00:29:30]} {[%emt 00:00:41]} 8. Nc3 {[%clk
00:31:27]} {[%emt 00:00:43]} a6 {[%clk 00:28:58]} {[%emt 00:01:02]} 9. Bd3
{[%clk 00:31:03]} {[%emt 00:00:54]} O-O {[%clk 00:27:49]} {[%emt 00:01:39]} 10.
e4 {[%clk 00:29:07]} {[%emt 00:02:25]} e5 {[%clk 00:27:32]} {[%emt 00:00:47]}
11. d5 {[%clk 00:28:08]} {[%emt 00:01:29]} Ne7 {[%clk 00:26:57]} {[%emt
00:01:06]} 12. Bg5 {[%clk 00:26:59]} {[%emt 00:01:38]} Ng6 {[%clk 00:26:33]}
{[%emt 00:00:54]} 13. b4 {[%clk 00:26:57]} {[%emt 00:00:33]} Bg4 {[%clk
00:26:23]} {[%emt 00:00:40]} 14. h3 {[%clk 00:27:06]} {[%emt 00:00:20]} Bd7
{[%clk 00:25:39]} {[%emt 00:01:15]} 15. Rc1 {[%clk 00:26:48]} {[%emt 00:00:49]}
a5 {[%clk 00:23:29]} {[%emt 00:02:40]} 16. Qb3 {[%clk 00:24:57]} {[%emt
00:02:20]} a4 {[%clk 00:22:22]} {[%emt 00:01:37]} 17. Qc2 {[%clk 00:23:09]}
{[%emt 00:02:17]} h6 {[%clk 00:21:53]} {[%emt 00:00:59]} 18. Bxf6 {[%clk
00:22:42]} {[%emt 00:00:56]} Qxf6 {[%clk 00:21:54]} {[%emt 00:00:30]} 19. Bb5
{[%clk 00:22:11]} {[%emt 00:01:02]} Bxh3 {[%clk 00:21:39]} {[%emt 00:00:44]} 20.
Bxa4 {[%clk 00:20:39]} {[%emt 00:02:03]} Qf4 {[%clk 00:19:08]} {[%emt
00:03:01]} 21. Ne2 {[%clk 00:20:09]} {[%emt 00:01:00]} Qg4 {[%clk 00:18:53]}
{[%emt 00:00:44]} 22. Ng3 {[%clk 00:20:30]} {[%emt 00:00:11]} Nf4 {[%clk
00:18:04]} {[%emt 00:01:19]} 23. gxh3 {[%clk 00:18:39]} {[%emt 00:02:20]} Qxf3
{[%clk 00:18:05]} {[%emt 00:00:29]} 24. Qd1 {[%clk 00:13:48]} {[%emt 00:05:21]}
Qg2# {[%clk 00:18:25]} {[%emt 00:00:08]} 0-1

[Event "XXVII MISTRZOSTWA WOJEWÓDZTWA PODLASKIEGO JUNIOREK DO LAT 12 - D12"]
[Site "Białystok, Poland"]
[Date "2025.05.30"]
[Round "2.2"]
[White "Szewczyk, Maja"]
[Black "Saliuk, Maryia"]
[Result "0-1"]
[WhiteElo "1432"]
[BlackElo "1635"]

1. d4 {[%clk 00:30:51]} {[%emt 00:00:08]} f5 {[%clk 00:30:56]} {[%emt
00:00:04]} 2. Bf4 {[%clk 00:31:05]} {[%emt 00:00:15]} e6 {[%clk 00:31:20]}
{[%emt 00:00:06]} 3. e3 {[%clk 00:31:18]} {[%emt 00:00:17]} Nf6 {[%clk
00:31:47]} {[%emt 00:00:04]} 4. Nd2 {[%clk 00:31:25]} {[%emt 00:00:23]} b6
{[%clk 00:32:10]} {[%emt 00:00:06]} 5. c3 {[%clk 00:31:30]} {[%emt 00:00:25]}
Bb7 {[%clk 00:32:36]} {[%emt 00:00:05]} 6. Ngf3 {[%clk 00:31:29]} {[%emt
00:00:30]} Be7 {[%clk 00:32:56]} {[%emt 00:00:10]} 7. Bd3 {[%clk 00:31:46]}
{[%emt 00:00:14]} O-O {[%clk 00:33:09]} {[%emt 00:00:16]} 8. O-O {[%clk
00:31:32]} {[%emt 00:00:43]} d6 {[%clk 00:32:42]} {[%emt 00:00:58]} 9. Qb3
{[%clk 00:31:46]} {[%emt 00:00:16]} Qc8 {[%clk 00:32:51]} {[%emt 00:00:21]} 10.
Bxf5 {[%clk 00:31:51]} {[%emt 00:00:26]} Bd5 {[%clk 00:31:51]} {[%emt
00:01:30]} 11. c4 {[%clk 00:32:06]} {[%emt 00:00:15]} Bxf3 {[%clk 00:32:15]}
{[%emt 00:00:06]} 12. Bxe6+ {[%clk 00:30:58]} {[%emt 00:01:37]} Qxe6 {[%clk
00:32:36]} {[%emt 00:00:09]} 13. Nxf3 {[%clk 00:31:20]} {[%emt 00:00:08]} Ne4
{[%clk 00:31:21]} {[%emt 00:01:45]} 14. Rfe1 {[%clk 00:31:00]} {[%emt
00:00:51]} Nd7 {[%clk 00:31:40]} {[%emt 00:00:10]} 15. Qd3 {[%clk 00:31:08]}
{[%emt 00:00:21]} Rae8 {[%clk 00:27:42]} {[%emt 00:04:28]} 16. b3 {[%clk
00:29:40]} {[%emt 00:01:59]} Bd8 {[%clk 00:25:21]} {[%emt 00:02:52]} 17. d5
{[%clk 00:29:42]} {[%emt 00:00:27]} Qg6 {[%clk 00:25:40]} {[%emt 00:00:10]} 18.
Rad1 {[%clk 00:26:45]} {[%emt 00:03:28]} Ndc5 {[%clk 00:24:42]} {[%emt
00:01:27]} 19. Qc2 {[%clk 00:25:29]} {[%emt 00:01:47]} Qh5 {[%clk 00:23:30]}
{[%emt 00:01:41]} 20. b4 {[%clk 00:24:04]} {[%emt 00:01:55]} Nd7 {[%clk
00:23:52]} {[%emt 00:00:09]} 21. a4 {[%clk 00:22:51]} {[%emt 00:01:43]} Ng5
{[%clk 00:19:02]} {[%emt 00:05:16]} 22. Nxg5 {[%clk 00:22:32]} {[%emt
00:00:53]} Bxg5 {[%clk 00:19:27]} {[%emt 00:00:04]} 23. Bxg5 {[%clk 00:22:52]}
{[%emt 00:00:11]} Qxg5 {[%clk 00:19:52]} {[%emt 00:00:05]} 24. a5 {[%clk
00:22:44]} {[%emt 00:00:38]} Rf6 {[%clk 00:19:06]} {[%emt 00:01:15]} 25. axb6
{[%clk 00:22:40]} {[%emt 00:00:34]} axb6 {[%clk 00:19:14]} {[%emt 00:00:22]} 26.
Rc1 {[%clk 00:22:10]} {[%emt 00:01:00]} Qg4 {[%clk 00:18:08]} {[%emt 00:01:36]}
27. Qc3 {[%clk 00:21:40]} {[%emt 00:01:00]} Ne5 {[%clk 00:17:56]} {[%emt
00:00:42]} 28. c5 {[%clk 00:21:33]} {[%emt 00:00:38]} Nf3+ {[%clk 00:17:49]}
{[%emt 00:00:36]} 29. Kf1 {[%clk 00:21:14]} {[%emt 00:00:49]} Nxe1 {[%clk
00:18:09]} {[%emt 00:00:09]} 30. Rxe1 {[%clk 00:21:13]} {[%emt 00:00:32]} Ref8
{[%clk 00:18:31]} {[%emt 00:00:08]} 0-1

[Event "XXVII MISTRZOSTWA WOJEWÓDZTWA PODLASKIEGO JUNIOREK DO LAT 12 - D12"]
[Site "Białystok, Poland"]
[Date "2025.05.30"]
[Round "2.3"]
[White "Wojdakowska, Emilia"]
[Black "Kolosza, Luiza"]
[Result "1-0"]
[WhiteElo "1480"]
[BlackElo "1472"]

1. e4 {[%clk 00:30:58]} {[%emt 00:00:02]} c6 {[%clk 00:30:53]} {[%emt
00:00:07]} 2. d4 {[%clk 00:31:21]} {[%emt 00:00:06]} d5 {[%clk 00:31:18]}
{[%emt 00:00:06]} 3. exd5 {[%clk 00:31:46]} {[%emt 00:00:05]} cxd5 {[%clk
00:31:39]} {[%emt 00:00:08]} 4. Bd3 {[%clk 00:32:09]} {[%emt 00:00:06]} Nc6
{[%clk 00:31:50]} {[%emt 00:00:19]} 5. c3 {[%clk 00:32:33]} {[%emt 00:00:06]}
Nf6 {[%clk 00:32:12]} {[%emt 00:00:07]} 6. Nf3 {[%clk 00:32:01]} {[%emt
00:01:03]} Bg4 {[%clk 00:32:27]} {[%emt 00:00:14]} 7. h3 {[%clk 00:32:19]}
{[%emt 00:00:13]} Bxf3 {[%clk 00:32:38]} {[%emt 00:00:18]} 8. Qxf3 {[%clk
00:32:24]} {[%emt 00:00:25]} e6 {[%clk 00:31:41]} {[%emt 00:01:27]} 9. O-O
{[%clk 00:32:26]} {[%emt 00:00:28]} Bd6 {[%clk 00:31:48]} {[%emt 00:00:23]} 10.
Bg5 {[%clk 00:31:01]} {[%emt 00:01:56]} Be7 {[%clk 00:31:33]} {[%emt 00:00:44]}
11. Nd2 {[%clk 00:29:31]} {[%emt 00:02:01]} O-O {[%clk 00:31:08]} {[%emt
00:00:55]} 12. Bxf6 {[%clk 00:27:39]} {[%emt 00:02:23]} Bxf6 {[%emt 00:00:18]}
13. Rfe1 {[%clk 00:24:41]} {[%emt 00:03:24]} Re8 {[%clk 00:31:39]} {[%emt
00:00:13]} 14. Nf1 {[%clk 00:24:35]} {[%emt 00:00:37]} g6 {[%clk 00:29:15]}
{[%emt 00:02:54]} 15. Ne3 {[%clk 00:22:54]} {[%emt 00:02:12]} Bg7 {[%clk
00:26:33]} {[%emt 00:03:10]} 16. Nf1 {[%clk 00:19:15]} {[%emt 00:04:11]} Qf6
{[%clk 00:26:37]} {[%emt 00:00:24]} 17. Qxf6 {[%clk 00:19:29]} {[%emt
00:00:17]} Bxf6 {[%clk 00:26:54]} {[%emt 00:00:13]} 18. Ng3 {[%clk 00:19:41]}
{[%emt 00:00:20]} Rab8 {[%clk 00:26:01]} {[%emt 00:01:22]} 19. Re3 {[%clk
00:19:35]} {[%emt 00:00:34]} Kg7 {[%clk 00:25:19]} {[%emt 00:01:13]} 20. Rf3
{[%clk 00:15:59]} {[%emt 00:04:07]} a6 {[%clk 00:20:38]} {[%emt 00:05:11]} 21.
Re1 {[%clk 00:14:47]} {[%emt 00:01:29]} b5 {[%clk 00:18:52]} {[%emt 00:02:28]}
22. a3 {[%clk 00:14:32]} {[%emt 00:00:47]} a5 {[%clk 00:18:51]} {[%emt
00:00:29]} 23. Rc1 {[%clk 00:09:37]} {[%emt 00:05:25]} b4 {[%clk 00:18:01]}
{[%emt 00:01:21]} 24. axb4 {[%clk 00:09:43]} {[%emt 00:00:24]} axb4 {[%clk
00:18:22]} {[%emt 00:00:09]} 25. Ne2 {[%clk 00:06:34]} {[%emt 00:03:39]} Rec8
{[%clk 00:15:07]} {[%emt 00:03:44]} 26. g4 {[%clk 00:04:48]} {[%emt 00:02:17]}
Na5 {[%clk 00:10:00]} {[%emt 00:05:36]} 27. Rg3 {[%clk 00:04:22]} {[%emt
00:00:55]} Nb3 {[%clk 00:08:35]} {[%emt 00:01:55]} 28. Rc2 {[%clk 00:04:28]}
{[%emt 00:00:26]} h6 {[%clk 00:05:48]} {[%emt 00:03:15]} 29. f4 {[%clk
00:04:42]} {[%emt 00:00:18]} Bh4 {[%clk 00:04:38]} {[%emt 00:01:37]} 30. Rg2
{[%clk 00:04:35]} {[%emt 00:00:41]} Kf8 {[%clk 00:04:14]} {[%emt 00:00:49]} 31.
f5 {[%clk 00:04:11]} {[%emt 00:00:59]} exf5 {[%clk 00:03:36]} {[%emt 00:01:07]}
32. gxf5 {[%clk 00:04:25]} {[%emt 00:00:17]} gxf5 {[%clk 00:03:55]} {[%emt
00:00:10]} 33. Bxf5 {[%clk 00:04:45]} {[%emt 00:00:10]} Rc7 {[%clk 00:03:57]}
{[%emt 00:00:26]} 34. Nf4 {[%clk 00:04:59]} {[%emt 00:00:20]} Rbb7 {[%clk
00:02:24]} {[%emt 00:02:02]} 35. Nxd5 {[%clk 00:05:04]} {[%emt 00:00:26]} Rc6
{[%clk 00:01:23]} {[%emt 00:01:29]} 36. Nxb4 {[%clk 00:04:46]} {[%emt
00:00:50]} 1-0

[Event "XXVII MISTRZOSTWA WOJEWÓDZTWA PODLASKIEGO JUNIOREK DO LAT 12 - D12"]
[Site "Białystok, Poland"]
[Date "2025.05.30"]
[Round "3.1"]
[White "Saliuk, Maryia"]
[Black "Wojdakowska, Emilia"]
[Result "1-0"]
[WhiteElo "1635"]
[BlackElo "1480"]

1. f4 {[%clk 00:30:59]} {[%emt 00:00:01]} d5 {[%clk 00:30:51]} {[%emt
00:00:10]} 2. Nf3 {[%clk 00:31:24]} {[%emt 00:00:03]} Nf6 {[%clk 00:31:10]}
{[%emt 00:00:12]} 3. e3 {[%clk 00:31:51]} {[%emt 00:00:04]} e6 {[%clk
00:31:33]} {[%emt 00:00:07]} 4. b3 {[%clk 00:32:17]} {[%emt 00:00:03]} Be7
{[%clk 00:31:54]} {[%emt 00:00:09]} 5. Bb2 {[%clk 00:32:43]} {[%emt 00:00:05]}
b6 {[%clk 00:32:09]} {[%emt 00:00:15]} 6. Bb5+ {[%clk 00:32:58]} {[%emt
00:00:14]} Nbd7 {[%clk 00:32:24]} {[%emt 00:00:15]} 7. Bxd7+ {[%clk 00:32:43]}
{[%emt 00:00:46]} Bxd7 {[%clk 00:31:00]} {[%emt 00:01:53]} 8. O-O {[%clk
00:32:56]} {[%emt 00:00:17]} c5 {[%clk 00:31:19]} {[%emt 00:00:11]} 9. d3
{[%clk 00:33:14]} {[%emt 00:00:12]} O-O {[%clk 00:31:40]} {[%emt 00:00:09]} 10.
Qe1 {[%clk 00:33:26]} {[%emt 00:00:17]} Rc8 {[%clk 00:31:17]} {[%emt 00:00:54]}
11. Nbd2 {[%clk 00:33:48]} {[%emt 00:00:09]} Bc6 {[%clk 00:30:55]} {[%emt
00:00:50]} 12. Ne5 {[%clk 00:34:08]} {[%emt 00:00:11]} Bb7 {[%clk 00:30:09]}
{[%emt 00:01:16]} 13. Rf3 {[%clk 00:33:57]} {[%emt 00:00:40]} d4 {[%clk
00:30:04]} {[%emt 00:00:36]} 14. e4 {[%clk 00:34:23]} {[%emt 00:00:05]} Nd7
{[%clk 00:29:37]} {[%emt 00:00:56]} 15. Nxd7 {[%clk 00:33:36]} {[%emt
00:01:17]} Qxd7 {[%clk 00:29:29]} {[%emt 00:00:38]} 16. Rh3 {[%clk 00:33:54]}
{[%emt 00:00:11]} h6 {[%clk 00:29:37]} {[%emt 00:00:23]} 17. Qe2 {[%clk
00:33:47]} {[%emt 00:00:38]} f5 {[%clk 00:28:44]} {[%emt 00:01:22]} 18. e5
{[%clk 00:33:29]} {[%emt 00:00:48]} Kh7 {[%clk 00:27:38]} {[%emt 00:01:35]} 19.
Nf3 {[%clk 00:33:48]} {[%emt 00:00:12]} Rg8 {[%clk 00:27:44]} {[%emt 00:00:25]}
20. Bc1 {[%clk 00:33:54]} {[%emt 00:00:24]} Rcf8 {[%clk 00:27:20]} {[%emt
00:00:53]} 21. Bd2 {[%clk 00:32:16]} {[%emt 00:02:08]} Qe8 {[%clk 00:25:23]}
{[%emt 00:02:27]} 22. Rf1 {[%clk 00:31:23]} {[%emt 00:01:23]} Qf7 {[%clk
00:24:53]} {[%emt 00:01:01]} 23. Ng5+ {[%clk 00:31:01]} {[%emt 00:00:52]} Bxg5
{[%clk 00:24:16]} {[%emt 00:01:06]} 24. fxg5 {[%clk 00:31:26]} {[%emt
00:00:05]} Qg6 {[%clk 00:22:11]} {[%emt 00:02:32]} 25. gxh6 {[%clk 00:31:07]}
{[%emt 00:00:53]} gxh6 {[%clk 00:21:44]} {[%emt 00:00:56]} 26. Rxh6+ {[%clk
00:31:21]} {[%emt 00:00:16]} Qxh6 {[%clk 00:21:58]} {[%emt 00:00:16]} 27. Bxh6
{[%clk 00:31:46]} {[%emt 00:00:05]} Rxg2+ {[%clk 00:21:04]} {[%emt 00:01:24]}
28. Qxg2 {[%clk 00:32:03]} {[%emt 00:00:12]} Bxg2 {[%clk 00:21:29]} {[%emt
00:00:06]} 29. Bxf8 {[%clk 00:32:30]} {[%emt 00:00:04]} Bxf1 {[%clk 00:21:46]}
{[%emt 00:00:13]} 30. Kxf1 {[%clk 00:32:55]} {[%emt 00:00:04]} Kg6 {[%clk
00:22:05]} {[%emt 00:00:11]} 31. Kf2 {[%clk 00:33:07]} {[%emt 00:00:19]} Kg5
{[%clk 00:22:28]} {[%emt 00:00:07]} 32. Kf3 {[%clk 00:33:29]} {[%emt 00:00:08]}
f4 {[%clk 00:22:12]} {[%emt 00:00:47]} 33. Bd6 {[%clk 00:33:46]} {[%emt
00:00:12]} Kf5 {[%clk 00:22:09]} {[%emt 00:00:32]} 34. Bb8 {[%clk 00:34:08]}
{[%emt 00:00:08]} a6 {[%clk 00:22:34]} {[%emt 00:00:06]} 35. Ba7 {[%clk
00:33:38]} {[%emt 00:01:00]} b5 {[%clk 00:21:36]} {[%emt 00:01:28]} 36. Bb8
{[%clk 00:33:20]} {[%emt 00:00:48]} Kg5 {[%clk 00:20:43]} {[%emt 00:01:23]} 37.
Bd6 {[%clk 00:33:42]} {[%emt 00:00:08]} Kf5 {[%clk 00:21:02]} {[%emt 00:00:10]}
38. a3 {[%clk 00:33:33]} {[%emt 00:00:40]} a5 {[%clk 00:20:24]} {[%emt
00:01:09]} 39. a4 {[%clk 00:33:15]} {[%emt 00:00:48]} bxa4 {[%clk 00:20:01]}
{[%emt 00:00:53]} 40. bxa4 {[%clk 00:33:40]} {[%emt 00:00:05]} Kg5 {[%clk
00:19:24]} {[%emt 00:01:06]} 41. Bxc5 {[%clk 00:34:05]} {[%emt 00:00:05]} Kf5
{[%clk 00:19:32]} {[%emt 00:00:22]} 42. Bxd4 {[%clk 00:34:30]} {[%emt
00:00:05]} Kg5 {[%clk 00:19:52]} {[%emt 00:00:10]} 43. c4 {[%clk 00:34:56]}
{[%emt 00:00:04]} Kf5 {[%clk 00:20:08]} {[%emt 00:00:14]} 44. c5 {[%clk
00:35:21]} {[%emt 00:00:05]} Kg5 {[%clk 00:20:27]} {[%emt 00:00:10]} 45. c6
{[%clk 00:35:46]} {[%emt 00:00:05]} Kf5 {[%clk 00:20:43]} {[%emt 00:00:14]} 46.
c7 {[%clk 00:36:13]} {[%emt 00:00:04]} Kg5 {[%clk 00:20:48]} {[%emt 00:00:21]}
47. c8=Q {[%clk 00:36:39]} {[%emt 00:00:09]} Kf5 {[%clk 00:21:09]} {[%emt
00:00:09]} 48. Qf8+ {[%clk 00:36:58]} {[%emt 00:00:10]} Kg5 {[%clk 00:21:32]}
{[%emt 00:00:06]} 49. Qg7+ {[%clk 00:37:22]} {[%emt 00:00:06]} Kh5 {[%clk
00:21:52]} {[%emt 00:00:11]} 50. h3 {[%clk 00:37:38]} {[%emt 00:00:14]} Kh4
{[%clk 00:22:11]} {[%emt 00:00:10]} 51. Qh6+ {[%clk 00:38:01]} {[%emt
00:00:06]} 1-0